000 00441nam a2200157Ia 4500
005 20240626145624.0
008 240126s9999 xx 000 0 und d
020 _a9788190565554
082 _a808.83 SHA;1 R
100 _aSharma, Robin.
245 4 _aThe saint, the surfer and the CEO: A remarkable story about living your heart's desires
260 _bPenguin
_aHarayana
_c2003
300 _axv, 221
440 _aNULL
942 _cPU
999 _c273140
_d273140